Города Коми - Statistics

General Stats
  • This quiz has been taken 99 times
  • The average score is 7 of 10
Answer Stats
Население Город % Correct
219 685 Сыктывкар
99%
56 131 Воркута
93%
77 187 Ухта
86%
19 372 Инта
71%
34 001 Печора
64%
31 200 Усинск
61%
9001 Вуктыл
60%
21 850 Сосногорск
53%
10 620 Емва
53%
8288 Микунь
36%
No matching quizzes found
Score Distribution
Percent of People with Each Score
Percentile by Number Answered
Your Score History
You have not taken this quiz